| 000 | 00775nam a2200217Ia 4500 | ||
|---|---|---|---|
| 003 | GCL | ||
| 008 | 140319s9999 xx 000 0 ara d | ||
| 020 | _a1001322977 | ||
| 040 |
_aGCL / _cGCL |
||
| 082 | 0 | 4 |
_a953 _bا ت |
| 100 | 1 | _aاجيوس، ديونيسيوس | |
| 245 | 1 | 0 |
_aالتاثير العربى فى اوربا العصور الوسطى / _cاجيوس، ديونيسيوس |
| 700 | 1 | _aهيتشكوك، ريتشارد | |
| 250 | _aالاولى | ||
| 260 |
_aالقاهرة : _bعين للدراسات والبحوث الانسانية والاجتماعية ، _c2000 |
||
| 300 |
_a195 ص ؛ _c28 سم |
||
| 650 | 0 | 4 | _aالتاريخ الاسلامى |
| 650 | 0 | 4 | _aالدول الاسلامية |
| 650 | 0 | 4 | _aالفن الاسلامى |
| 942 |
_2ddc _cBK |
||
| 999 |
_c56970 _d56970 |
||